• 首页
  • 本馆介绍
  • 公告通知
  • 最新文献
  • 馆藏检索
  • 电子资源
  • 读者导购
  • 参考咨询
  • 我的图书馆
  • 登录
  • 详细信息显示
  • 放入我的书架
  • 预约/预借图书
  • 作者相关作品
  • 分类相关作品
  • 丛书相关作品
  • 出版社相关作品

书目信息

  • 表格格式
  • 工作单格式
  • 卡片格式
题名:
物理学拓展
    
 
作者: 李文利 著
分册:  
出版信息: 北京   海洋出版社  2001
页数: 251页
开本: 19cm
丛书名:
单 册:
中图分类: O59
科图分类:
主题词: 应用物理学 , 物理学--应用--普及读物
电子资源:
ISBN: 7-5027-5378-8
000 00549nam0 2200205 45
001 0306040959
005 20031219104110.6
010    @a7-5027-5378-8@dCNY18.00
100    @a20030604d2001 km y0chiy0120 ea
101 0  @achi
105    @a z 000yy
200 1  @a物理学拓展@AWu Li Xue Tuo Zhan@f李文利著@FLi Wen Li Zhu
210    @a北京@c海洋出版社@d2001
215    @a251页@d19cm
606 0  @a应用物理学
606 0  @a物理学@x应用@x普及读物
690    @aO59@v4
701  0 @a李文利@4著
801    @aCN@bTSTC@c20030604
905    @b323648-652@dO59@e2@f5
    
    物理学拓展/李文利著.-北京:海洋出版社,2001
    251页;19cm
    
    
    ISBN 7-5027-5378-8:CNY18.00
    
●
相关链接 在E读中查询图书 在五车中查询图书 在当当中查询图书 在豆瓣中查询图书


正题名:物理学拓展     索取号:O59/2         预约/预借

序号 登录号 条形码 馆藏地/架位号 状态 备注
1 0323648   203236480   第三借阅区/ [索取号:O59/2] 在馆    
2 0323649   203236499   第三借阅区/ [索取号:O59/2] 在馆    
3 0323650   203236505   第三借阅区/ [索取号:O59/2] 在馆    
4 0323651   203236514   第三借阅区/ [索取号:O59/2] 在馆    
5 0323652   203236523   第三借阅区/ [索取号:O59/2] 在馆    
唐山师范学院图书馆 欢迎您!
大连网信软件有限公司© 版权所有